D'une monarchie à l'autre : Histoire politique des institutions françaises 1814-2020 (notice n° 1568132)

détails MARC
000 -LEADER
fixed length control field 01642cam a2200133 4500500
005 - DATE AND TIME OF LATEST TRANSACTION
control field 20251214004016.0
041 ## - LANGUAGE CODE
Language code of text/sound track or separate title fre
042 ## - AUTHENTICATION CODE
Authentication code dc
100 10 - MAIN ENTRY--PERSONAL NAME
Personal name Bonhomme, Éric
Relator term author
245 00 - TITLE STATEMENT
Title D'une monarchie à l'autre : Histoire politique des institutions françaises 1814-2020
260 ## - PUBLICATION, DISTRIBUTION, ETC.
Name of publisher, distributor, etc. Armand Colin,<br/>
Date of publication, distribution, etc. 2021.<br/>
520 ## - SUMMARY, ETC.
Summary, etc. Depuis deux siècles, la France connaît une grande fréquence de changements de régimes, à travers la révolution et le coup d’État. Ces caractéristiques mettent en lumière la fragilité constante du pacte constitutionnel dans notre pays. Pour comprendre la façon dont les questions institutionnelles irriguent et orientent la vie politique française depuis le XIXe siècle, l’auteur propose une histoire vivante, prise dans la dynamique des personnages, des gouvernements, des assemblées, des manifestations populaires et des révolutions. Il montre l’élaboration de ces institutions, leur fonctionnement et leur adaptation à des conjonctures très diverses. Il éclaire leur rôle toujours croissant dans le cadre d’un État dont la présence s’intensifie et s’étend davantage, au niveau national comme dans la vie politique locale. Il interroge également le « quatrième pouvoir », celui des médias qui appuient ou contestent les institutions et leur pratique. Enfin, il se penche sur le rôle des crises – manifestations, insurrections, révolutions – qui n’ont jamais cessé de rythmer notre histoire et demeurent plus que jamais d’actualité.
856 41 - ELECTRONIC LOCATION AND ACCESS
Uniform Resource Identifier <a href="https://shs.cairn.info/d-une-monarchie-a-l-autre--9782200627638?lang=fr&redirect-ssocas=7080">https://shs.cairn.info/d-une-monarchie-a-l-autre--9782200627638?lang=fr&redirect-ssocas=7080</a>

Pas d'exemplaire disponible.

PLUDOC

PLUDOC est la plateforme unique et centralisée de gestion des bibliothèques physiques et numériques de Guinée administré par le CEDUST. Elle est la plus grande base de données de ressources documentaires pour les Étudiants, Enseignants chercheurs et Chercheurs de Guinée.

Adresse

627 919 101/664 919 101

25 boulevard du commerce
Kaloum, Conakry, Guinée

Réseaux sociaux

Powered by Netsen Group @ 2025